NMIXX In Every MV - Statistics

General Stats
  • This quiz has been taken 98 times
  • The average score is 9 of 13
Answer Stats
Picture Answer % Correct
O.O
95%
DASH
91%
Young, Dumb Stupid
91%
DICE
90%
Love Me Like This
85%
Sonar (Breaker)
81%
Roller Coaster
79%
Party O'Clock
77%
See That?
68%
Funky Glitter Christmas
62%
COOL (Your Rainbow)
58%
SICKUHH
35%
Paxxword
31%
No matching quizzes found
Score Distribution
Percent of People with Each Score
Percentile by Number Answered
Your Score History
You have not taken this quiz